000 00426cam a22001217a 4500
008 180718b1956 xxu||||| |||| 00| 0 eng d
082 _aB7303x914 Ow6
100 _aOwsley, Roy H.
245 _aPhilippine city charters with a suggested uniform charter law
_cby Roy H. Owsley
260 _aManila
_bInstitute of Public Administration
_c1956
300 _a176p.
650 _aMunicipal government - Lwas and legislation - Philippine
999 _c437412
_d437412